School Management and Administration/ (Record no. 212352)

MARC details
000 -LEADER
fixed length control field 00704nam a22002297a 4500
005 - DATE AND TIME OF LATEST TRANSACTION
control field 20250714150530.0
010 ## - LCCN (DPL NO)
LC control number ENG-145946-947
020 ## - INTERNATIONAL STANDARD BOOK NUMBER
International Standard Book Number 9788196783341
Terms of availability 350.00
020 ## - INTERNATIONAL STANDARD BOOK NUMBER
International Standard Book Number 9788196783372
Terms of availability 995.00
035 ## - SYSTEM CONTROL NUMBER
System control number EN-129478-479
037 ## - SOURCE OF ACQUISITION
Source of stock number/acquisition DBAD
082 ## - DEWEY DECIMAL CLASSIFICATION NUMBER
Classification number 370.2
Edition number 1
100 ## - MAIN ENTRY--PERSONAL NAME
Personal name Krishnarathi, A.
245 ## - TITLE STATEMENT
Title School Management and Administration/
Statement of responsibility, etc A. Krishnarathi [and] S. Vanirani
250 ## - EDITION STATEMENT
Edition statement 1
260 ## - PUBLICATION, DISTRIBUTION, ETC. (IMPRINT)
Place of publication, distribution, etc New Delhi
Name of publisher, distributor, etc Neelkamal
Date of publication, distribution, etc 2024
270 ## - ADDRESS
Address # 4764/1, 23, Ansari Road, Daryaganj,
City New Delhi
Postal code 110002
300 ## - PHYSICAL DESCRIPTION
Extent x, 244p.
Dimensions 24cm(pbk)
300 ## - PHYSICAL DESCRIPTION
Extent x, 244p.
Dimensions 25cm(hbk)
700 ## - ADDED ENTRY--PERSONAL NAME
Personal name S. Vanirani
9 (RLIN) 60135
Relator term Author
942 ## - ADDED ENTRY ELEMENTS (KOHA)
Source of classification or shelving scheme Dewey Decimal Classification
Item type English Books
Call number suffix KRI
Classification part 370.2
Holdings
Withdrawn status Lost status Not for loan Collection code Home library Current library Date acquired Source of acquisition Cost, normal purchase price Full call number Barcode Copy number Cost, replacement price Koha item type
      Non-fiction Central Library Central Library 14/07/2025 Delivery of Books Act Division 995.00 KRI 370.2 EN-129479 1 995.00 English Books
      Non-fiction Sarojini Nagar Sarojini Nagar 14/07/2025 Delivery of Books Act Division 350.00 KRI 370.2 EN-129478 1 350.00 English Books

© Delhi Public Library
Hit Counter
free hit counter